[Event "Catalunya-chT Gp2"]
[Site "Barcelona"]
[Date "2017.01.28"]
[Round "2.10"]
[White "Pozanco Romasanta, Marc"]
[Black "Arus Blanch, Daniel"]
[Result "1-0"]
[WhiteElo "2065"]
[BlackElo "2056"]
[PlyCount "79"]
[EventDate "2017.01.21"]
[EventType "team-tourn"]
[EventRounds "7"]
[EventCountry "ESP"]
[SourceTitle "CBM 176 Extra"]
[Source "ChessBase"]
[SourceDate "2017.03.02"]
[SourceVersion "1"]
[SourceVersionDate "2017.03.02"]
[SourceQuality "1"]
[WhiteTeam "Colon Sabadell"]
[BlackTeam "Terrassa"]
[WhiteTeamCountry "ESP"]
[BlackTeamCountry "ESP"]

1. d4 d5 2. c4 c6 3. cxd5 cxd5 4. Nc3 e6 5. Bf4 Bd6 6. Bxd6 Qxd6 7. e3 Nf6 8. f4 0-0 9. Nf3 Bd7 10. Bd3 Nc6 11. Rc1 Rac8 12. 0-0 Ne7 13. Ne5 Ng6 14. Rf3 Rc7 15. Rh3 Rfc8 16. Rc2 Be8 17. Rf2 Nf8 18. Qf3 Ne4 19. Bxe4 dxe4 20. Nxe4 Rc1+ 21. Rf1 Qa6 22. Nc3 Rc2 23. f5 f6 24. fxe6 Qxe6 25. Rg3 Rxb2 26. Nd5 Bg6 27. Nf4 Qxa2 28. Nexg6 Nxg6 29. Qg4 Rf8 30. h4 Qf7 31. Nd3 Rb5 32. e4 Ne7 33. Ne5 h5 34. Qd7 Qe8 35. Qe6+ Kh7 36. Nd7 Rf7 37. d5 Qg8 38. Nxf6+ Rxf6 39. Rxf6 Rb6 40. Rh6+ 1-0

[Event "Barcelona Sants op-A18th"]
[Site "Barcelona"]
[Date "2016.08.19"]
[Round "1"]
[White "Stella, Andrea"]
[Black "Arus Blanch, Daniel"]
[Result "1-0"]
[WhiteElo "2415"]
[BlackElo "2060"]
[PlyCount "115"]
[EventDate "2016.08.19"]
[EventType "swiss"]
[EventRounds "10"]
[EventCountry "ESP"]
[SourceTitle "CBM 174 Extra"]
[Source "ChessBase"]
[SourceDate "2016.10.10"]
[SourceVersion "1"]
[SourceVersionDate "2016.10.10"]
[SourceQuality "1"]

1. d4 Nf6 2. c4 e6 3. Nc3 Bb4 4. e3 b6 5. Nge2 Bb7 6. a3 Bxc3+ 7. Nxc3 0-0 8. Bd3 d5 9. cxd5 exd5 10. b4 Nbd7 11. Qb3 Re8 12. 0-0 c6 13. a4 Ne4 14. Nxe4 dxe4 15. Bc4 Qe7 16. b5 c5 17. Ba3 Rac8 18. a5 Red8 19. axb6 axb6 20. Rfd1 Qf6 21. Bb2 cxd4 22. Bxd4 Qe7 23. h3 Rc7 24. Bd5 Bxd5 25. Qxd5 Nf8 26. Qf5 Rb7 27. Qg4 f6 28. Ra6 Qd7 29. Qxe4 Ne6 30. Rda1 Nxd4 31. exd4 f5 32. Qc6 Rc7 33. Qxb6 Rb7 34. Qe6+ Qxe6 35. Rxe6 Rxd4 36. Rb1 Kf7 37. Re5 Kf6 38. Rc5 Rd6 39. Rb3 g6 40. g3 Rbb6 41. Kg2 Ke6 42. Kf3 h6 43. h4 Kf6 44. Rbc3 Re6 45. Re3 Red6 46. h5 g5 47. Ree5 Rd3+ 48. Ke2 Rb3 49. Rxf5+ Ke6 50. Rce5+ Kd6 51. Kf1 Rb2 52. Kg2 Rb3 53. g4 Rb2 54. Rd5+ Ke6 55. Rc5 Kd6 56. Kg3 Ke6 57. Rce5+ Kd6 58. Rf6+ 1-0

[Event "Barbera del Valles op 39th"]
[Site "Barbera del Valles"]
[Date "2016.07.12"]
[Round "9"]
[White "Sanchez Jerez, Emilio Miguel"]
[Black "Arus Blanch, Daniel"]
[Result "1/2-1/2"]
[WhiteElo "2201"]
[BlackElo "2052"]
[PlyCount "136"]
[EventDate "2016.07.04"]
[EventType "swiss"]
[EventRounds "9"]
[EventCountry "ESP"]
[SourceTitle "EXT 2017"]
[Source "ChessBase"]
[SourceDate "2016.10.25"]
[SourceVersion "1"]
[SourceVersionDate "2016.10.25"]
[SourceQuality "1"]

1. c4 c5 2. Nc3 Nc6 3. g3 g6 4. Bg2 Bg7 5. e3 e6 6. Nge2 Nge7 7. h4 h5 8. Ne4 d6 9. d4 cxd4 10. Nxd4 Nxd4 11. exd4 d5 12. cxd5 exd5 13. Qa4+ Nc6 14. Nc3 0-0 15. 0-0 Nxd4 16. Bg5 Qd7 17. Qd1 Ne6 18. Bxd5 Nxg5 19. hxg5 Rd8 20. Qc2 Qf5 21. Qxf5 Bxf5 22. Rad1 Bxc3 23. bxc3 Rd7 24. Rd4 Rad8 25. Rfd1 b6 26. f4 Kf8 27. Kf2 Re7 28. Bc6 Rc8 29. Rd8+ Rxd8 30. Rxd8+ Kg7 31. c4 Bg4 32. Re8 Rxe8 33. Bxe8 Kf8 34. Bb5 Ke7 35. Ke3 Kd6 36. Kd4 Be6 37. Ba6 Bd7 38. a3 Be6 39. Bb5 Bc8 40. Be8 Be6 41. Ba4 Bc8 42. Bc2 Bf5 43. Bd1 Bd7 44. Bf3 Be6 45. Be4 Bf5 46. Bd5 Be6 47. Bg2 Bd7 48. Ba8 Be6 49. a4 Bd7 50. Bd5 Be6 51. Be4 Bd7 52. a5 Be6 53. a6 Bc8 54. Bb7 Bd7 55. Bd5 Ke7 56. Bb7 Be6 57. c5 bxc5+ 58. Kxc5 f6 59. Kc6 fxg5 60. fxg5 Bc4 61. Bc8 Bd3 62. Kb7 Kd6 63. Kxa7 Ke5 64. Kb6 Bxa6 65. Kxa6 Ke4 66. Bb7+ Kf5 67. Kb6 Kxg5 68. Bf3 h4 1/2-1/2

[Event "Barbera del Valles op 39th"]
[Site "Barbera del Valles"]
[Date "2016.07.10"]
[Round "7"]
[White "Capellades Subirana, Marc"]
[Black "Arus Blanch, Daniel"]
[Result "1/2-1/2"]
[WhiteElo "2153"]
[BlackElo "2052"]
[PlyCount "75"]
[EventDate "2016.07.04"]
[EventType "swiss"]
[EventRounds "9"]
[EventCountry "ESP"]
[SourceTitle "EXT 2017"]
[Source "ChessBase"]
[SourceDate "2016.10.25"]
[SourceVersion "1"]
[SourceVersionDate "2016.10.25"]
[SourceQuality "1"]

1. e4 c5 2. Nf3 d6 3. d4 cxd4 4. Nxd4 Nf6 5. Nc3 g6 6. Be3 Bg7 7. h3 0-0 8. Qd2 Nc6 9. Bc4 Nxd4 10. Bxd4 Be6 11. Bd5 Bxd5 12. exd5 Qa5 13. 0-0 Rfe8 14. Rad1 b5 15. a3 a6 16. Rfe1 Rac8 17. Re2 Qc7 18. Rde1 Qd7 19. Ne4 Nxe4 20. Rxe4 Bxd4 21. Rxd4 Qf5 22. c3 Rc5 23. Re3 Qb1+ 24. Kh2 Qf5 25. Qe2 e5 26. dxe6 Rxe6 27. f4 Rd5 28. Rde4 Rxe4 29. Rxe4 h5 30. b3 Rc5 31. c4 bxc4 32. bxc4 Kh7 33. Qe3 Ra5 34. Qd4 Qc5 35. Qf6 Qf5 36. Qd4 Qc5 37. Qf6 Qf5 38. Qd4 1/2-1/2

[Event "Barbera del Valles op 39th"]
[Site "Barbera del Valles"]
[Date "2016.07.04"]
[Round "1"]
[White "Arus Blanch, Daniel"]
[Black "Himanshu, Sharma"]
[Result "0-1"]
[WhiteElo "2052"]
[BlackElo "2389"]
[PlyCount "76"]
[EventDate "2016.07.04"]
[EventType "swiss"]
[EventRounds "9"]
[EventCountry "ESP"]
[SourceTitle "EXT 2017"]
[Source "ChessBase"]
[SourceDate "2016.10.25"]
[SourceVersion "1"]
[SourceVersionDate "2016.10.25"]
[SourceQuality "1"]

1. e4 g6 2. d4 Bg7 3. Be3 c5 4. c3 cxd4 5. cxd4 d5 6. e5 Nh6 7. Bd3 Nf5 8. Bxf5 Bxf5 9. Nf3 Nc6 10. 0-0 0-0 11. Nc3 Bg4 12. h3 Bxf3 13. Qxf3 e6 14. Qe2 Qa5 15. Rfc1 a6 16. a3 Rfc8 17. b4 Qd8 18. Rc2 Na7 19. Rac1 Qd7 20. Qd3 Bf8 21. Nb1 Be7 22. Rxc8+ Rxc8 23. Rxc8+ Nxc8 24. Nd2 Nb6 25. Qc3 Kf8 26. Kf1 Ke8 27. Ke1 Kd8 28. g3 Qb5 29. h4 Na4 30. Qc2 a5 31. bxa5 Bxa3 32. Qb3 Bb4 33. Bg5+ Ke8 34. Qf3 Nc3 35. Nb3 Qc4 36. Nd2 Ne4 37. Qe2 Nxd2 38. Bxd2 Qc1+ 0-1

[Event "Barcelona Sants op 17th"]
[Site "Barcelona"]
[Date "2015.08.29"]
[Round "9"]
[White "Arus Blanch, Daniel"]
[Black "Fernandez, Maria Florencia"]
[Result "1-0"]
[WhiteElo "2011"]
[BlackElo "2222"]
[PlyCount "129"]
[EventDate "2015.08.21"]
[EventType "swiss"]
[EventRounds "10"]
[EventCountry "ESP"]
[SourceTitle "EXT 2016"]
[Source "ChessBase"]
[SourceDate "2015.10.08"]
[SourceVersion "1"]
[SourceVersionDate "2015.10.08"]
[SourceQuality "1"]

1. e4 g6 2. d4 Bg7 3. c3 d6 4. Nf3 a6 5. Bc4 Nf6 6. e5 dxe5 7. Nxe5 0-0 8. 0-0 Nbd7 9. Nxd7 Bxd7 10. Nd2 c5 11. dxc5 Qc7 12. Be2 Qxc5 13. Bf3 Qc7 14. Qb3 Ng4 15. g3 Ne5 16. Bg2 Bb5 17. Rd1 Rad8 18. Nf1 Rxd1 19. Qxd1 Rd8 20. Qb3 Bc4 21. Qc2 Bd3 22. Qb3 b5 23. Bf4 Bc4 24. Qc2 Qd7 25. Bxe5 Bxe5 26. Ne3 Bd3 27. Qd2 Qd6 28. Rd1 Kg7 29. f4 Bf6 30. Bf1 Be4 31. Qxd6 Rxd6 32. Rxd6 exd6 33. Bg2 Bb1 34. a3 a5 35. Nd5 Bd8 36. Kf2 g5 37. Ke3 Ba2 38. fxg5 Bxg5+ 39. Nf4 Kf6 40. h4 Bh6 41. Be4 Kg7 42. Bd3 Bc4 43. Bxc4 bxc4 44. Kd4 Kf6 45. Kxc4 Kf5 46. b4 axb4 47. axb4 Kg4 48. Ne2 Kf3 49. Kd3 d5 50. b5 Bf8 51. b6 Bd6 52. Nf4 Kxg3 53. Nxd5 f5 54. Kd4 f4 55. Nxf4 Bxf4 56. c4 h5 57. c5 Kxh4 58. c6 Kg3 59. c7 h4 60. c8Q h3 61. Qc6 Kh2 62. Qf3 Bg3 63. b7 Bb8 64. Kd5 Ba7 65. Kc6 1-0

[Event "Catalunya-chT Gp2"]
[Site "Barcelona"]
[Date "2015.02.14"]
[Round "4.3"]
[White "Arus Blanch, Daniel"]
[Black "Ramirez Carrizo, Victor Jose"]
[Result "1/2-1/2"]
[WhiteElo "2012"]
[BlackElo "2119"]
[PlyCount "102"]
[EventDate "2015.01.24"]
[EventType "team-tourn"]
[EventRounds "7"]
[EventCountry "ESP"]
[SourceTitle "CBM 164 Extra"]
[Source "ChessBase"]
[SourceDate "2015.03.02"]
[SourceVersion "1"]
[SourceVersionDate "2015.03.02"]
[SourceQuality "1"]
[WhiteTeam "Terrassa"]
[BlackTeam "Barbera"]
[WhiteTeamCountry "ESP"]
[BlackTeamCountry "ESP"]

1. e4 e6 2. d4 d5 3. Nc3 Bb4 4. a3 Bxc3+ 5. bxc3 dxe4 6. Qg4 Nf6 7. Qxg7 Rg8 8. Qh6 Rg6 9. Qe3 Nc6 10. Bb2 Ne7 11. 0-0-0 Bd7 12. Nh3 Ned5 13. Qd2 b5 14. Nf4 Rg4 15. Nxd5 Nxd5 16. g3 Bc6 17. Be2 Rg6 18. Rhf1 Qe7 19. c4 bxc4 20. Bxc4 Rb8 21. Bb3 Rg5 22. Rfe1 Nb6 23. Qb4 Rf5 24. Qxe7+ Kxe7 25. Rd2 Bd5 26. Re3 h5 27. h4 Rg8 28. a4 Bc6 29. Ba3+ Ke8 30. Bc5 a5 31. Bxb6 cxb6 32. c4 Rg4 33. Bd1 Rg8 34. Bc2 Rg4 35. Kd1 Rf3 36. Rde2 Ke7 37. Kd2 f5 38. Kc3 Rxe3+ 39. Rxe3 f4 40. gxf4 Rxf4 41. d5 exd5 42. cxd5 Bxd5 43. Kd4 Kd6 44. Bxe4 Rxh4 45. f3 Bc6 46. Rb3 Bxe4 47. fxe4 Kc7 48. Rc3+ Kd6 49. Rb3 Kc6 50. Rc3+ Kd6 51. Rb3 Kc6 1/2-1/2